载入...
The Cambridge English course
| Main Authors: | , |
|---|---|
| 格式: | Printed Book |
| 语言: | English |
| 出版: |
Cambridge, Cambridge University Press
1990 |
| 丛编: | 1
|
| 主题: |
| LEADER | 005600000a22002050004500 | ||
|---|---|---|---|
| 020 | |a 0521289092 | ||
| 041 | |a eng | ||
| 082 | |a 420 N0.1 | ||
| 100 | |a Swan, Michael |9 114612 | ||
| 100 | |a Walter, Catherine |9 114613 | ||
| 245 | |a The Cambridge English course | ||
| 260 | |a Cambridge, Cambridge University Press | ||
| 260 | |a 1990 | ||
| 465 | |a P 3.50 | ||
| 490 | |a 1 | ||
| 650 | |a Cambridge |9 114614 | ||
| 650 | |a English course |9 114615 | ||
| 942 | |c BK | ||
| 999 | |c 166999 |d 166995 | ||
| 952 | |0 0 |1 0 |4 0 |7 0 |9 165439 |a SPS |b SPS |d 2019-04-16 |l 0 |p SPS02966 |r 2019-04-16 |w 2019-04-16 |y BK | ||